| 000 | 01206nam a2200265Ia 4500 | ||
|---|---|---|---|
| 003 | OSt | ||
| 005 | 20201111094014.0 | ||
| 008 | 191128s2011 ck gr 000 0 spa d | ||
| 020 | _a9786070303425 | ||
| 040 |
_aCO-JMCR _cCO-JMCR |
||
| 041 | 0 | _aspa | |
| 082 | 0 | 4 |
_a320.6 / _bS161e _221 |
| 100 | 1 |
_aSalcedo, Roberto, _ecompilador _92117 |
|
| 245 | 1 | 0 |
_aEvaluación de políticas públicas / _ccompilador, Roberto Salcedo |
| 250 | _aPrimera edición | ||
| 260 |
_aBogotá : _bSiglo XXI, _c2011 |
||
| 300 |
_a251 páginas ; _c20 cm. |
||
| 490 | 0 |
_aBiblioteca básica de administración pública ; _v13 |
|
| 504 | _aBibliografía: páginas 250-252 | ||
| 505 | 0 | _aEvaluación de políticas públicas -- Análisis y evaluación de las políticas públicas -- Indicadores de desempeño -- La evaluación en el marco del análisis de políticas públicas | |
| 520 | _aEl libro esta integrado por cinco ensayos que definen los conceptos clave de evaluación de políticas públicas, análisis de políticas públicas, elaboración de políticas públicas e indicadores de desempeño para auditores. | ||
| 546 | _aspa | ||
| 650 | 1 | 4 |
_aPolíticas públicas _xIndicador de desempeño _92118 |
| 942 |
_2ddc _cBK |
||
| 999 |
_c5128 _d5128 |
||